000 00558nam a2200217 a 4500
999 _c5942
_d5942
001 5942
003 BD-JhCC
005 20220817134023.0
008 171231s19531983n |||| || | 000 0 eng d
035 _a(BD-JhCC)5942
040 _aBD-JhCC
_dBD-JhCC
041 _aeng
082 _a813.54
_bPUZ 1983
100 _aPuzo, Mario
245 _aThe Dark Arena /
_cMario Puzo,
260 _aNew York :
_bThe Random House Publishing Group,
_c1983.
300 _a283 p. :
_c18 cm.
650 _aEnglish Fiction
_zGermany
942 _2ddc
_cBK
_08